[Event "RUS-ch Men Rapid 2019"]
[Site "Sochi"]
[Date "2019.10.16"]
[Round "11.14"]
[White "Bryakin, Mikhail"]
[Black "Grachev, Boris"]
[Result "0-1"]
[WhiteElo "2440"]
[BlackElo "2621"]
[Annotator "RC"]
[PlyCount "82"]
[EventDate "2019.10.15"]
[EventType "swiss"]
[EventCountry "RUS"]
[SourceTitle "playchess.com"]
[Source "ChessBase"]
[SourceQuality "1"]
[TimeControl "900+10"]

1. d4 {[%emt 0:00:00]} Nf6 {[%emt 0:00:01]} 2. c4 {[%emt 0:00:00]} b6 {[%emt 0:00:04]} 3. Nc3 {[%emt 0:00:00]} Bb7 {[%emt 0:00:02]} 4. d5 {[%emt 0:00:00]} e6 {[%emt 0:00:02]} 5. e4 {[%emt 0:00:01]} Bb4 {[%emt 0:00:32]} 6. Bd3 {[%emt 0:00:02]} exd5 {[%emt 0:00:32]} 7. exd5 {[%emt 0:00:09]} O-O {[%emt 0:00:17]} 8. Nge2 {[%emt 0:00:09]} c6 {[%emt 0:02:48]} 9. O-O {[%emt 0:00:18]} h6 {[%emt 0:00:06]} 10. a3 {[%emt 0:00:47]} Bxc3 {[%emt 0:00:07]} 11. Nxc3 {[%emt 0:00:02]} cxd5 {[%emt 0:00:14]} 12. cxd5 {[%emt 0:00:00]} Na6 {[%emt 0:01:01]} 13. Bc4 {[%emt 0:00:43]} Rc8 {[%emt 0:00:13]} 14. Ba2 {[%emt 0:00:05]} Nc5 {[%emt 0:00:07]} 15. Bf4 {[%emt 0:00:07]} Ba6 {[%emt 0:00:08]} 16. Bd6 {[%emt 0:00:25]} Bxf1 {[%emt 0:00:21]} 17. Bxf8 {[%emt 0:00:08]} Qxf8 {[%emt 0:00:11]} 18. Qxf1 {[%emt 0:00:07]} Nce4 {[%emt 0:00:34]} 19. Nxe4 {[%emt 0:00:05]} Nxe4 {[%emt 0:00:01]} 20. Qd3 {[%emt 0:00:04]} Re8 {[%emt 0:00:51]} 21. Rc1 {[%emt 0:00:16]} Qd6 {[%emt 0:00:26]} 22. g3 {[%emt 0:00:49]} Qf6 {[%emt 0:00:09]} 23. Rc2 {[%emt 0:00:15]} Nc5 {[%emt 0:00:09]} 24. Qc3 {[%emt 0:00:39]} Qxc3 {[%emt 0:00:23]} 25. bxc3 {[%emt 0:00:26]} Re1+ {[%emt 0:00:23]} 26. Kg2 {[%emt 0:00:01]} Kf8 {[%emt 0:00:08]} 27. Kf3 {[%emt 0:01:21]} g5 {[%emt 0:00:49]} 28. h4 {[%emt 0:00:16]} gxh4 {[%emt 0:00:07]} 29. gxh4 {[%emt 0:00:01]} Re4 {[%emt 0:00:04]} 30. Re2 {[%emt 0:00:34]} Rxh4 {[%emt 0:00:28]} 31. d6 {[%emt 0:00:04]} Ne6 {[%emt 0:00:01]} 32. Bd5 {[%emt 0:00:30]} Rh3+ {[%emt 0:00:18]} 33. Ke4 {[%emt 0:00:01]} Rxc3 {[%emt 0:00:15]} 34. f4 {[%emt 0:00:03]} Rxa3 {[%emt 0:01:08]} 35. Ke5 {[%emt 0:00:13]} Ra5 {[%emt 0:00:29]} 36. Rd2 {[%emt 0:00:01]} Rc5 {[%emt 0:02:33]} 37. f5 {[%emt 0:01:07]} Ng7 {[%emt 0:00:30]} 38. f6 {[%emt 0:01:09]} Ne8 {[%emt 0:00:07]} 39. Rb2 {[%emt 0:02:24]} Nxf6 {[%emt 0:00:42]} 40. Kxf6 {[%emt 0:00:02]} Rxd5 {[%emt 0:00:02]} 41. Rxb6 {[%emt 0:00:01]} Rf5+ {[%emt 0:00:02]} 0-1

[Event "RUS-ch Men Rapid 2019"]
[Site "Sochi"]
[Date "2019.10.16"]
[Round "11.15"]
[White "Pogromsky, Mikhail"]
[Black "Yudin, Sergei"]
[Result "0-1"]
[WhiteElo "2411"]
[BlackElo "2497"]
[Annotator "ChessBase"]
[PlyCount "65"]
[EventDate "2019.10.15"]
[EventType "swiss"]
[EventCountry "RUS"]
[SourceTitle "playchess.com"]
[Source "ChessBase"]
[SourceQuality "1"]
[TimeControl "900+10"]

1. Nf3 {[%emt 0:00:05]} e6 {[%emt 0:00:00]} 2. b3 {[%emt 0:00:05]} d5 {[%emt 0:00:08]} 3. Bb2 {[%emt 0:00:02]} Nf6 {[%emt 0:00:01]} 4. c4 {[%emt 0:00:11]} c5 {[%emt 0:00:09]} 5. cxd5 {[%emt 0:00:06]} exd5 {[%emt 0:00:16]} 6. g3 {[%emt 0:00:37]} Nc6 {[%emt 0:00:03]} 7. Bg2 {[%emt 0:00:01]} d4 {[%emt 0:00:07]} 8. O-O {[%emt 0:00:06]} Be7 {[%emt 0:00:02]} 9. Na3 {[%emt 0:01:02]} O-O {[%emt 0:00:04]} 10. Nc4 {[%emt 0:00:02]} Be6 {[%emt 0:00:08]} 11. e3 {[%emt 0:00:27]} Rc8 {[%emt 0:00:14]} 12. Nfe5 {[%emt 0:00:54]} Nxe5 {[%emt 0:01:24]} 13. Nxe5 {[%emt 0:00:02]} dxe3 {[%emt 0:01:33]} 14. dxe3 {[%emt 0:00:30]} Qc7 {[%emt 0:00:01]} 15. Qc2 {[%emt 0:01:01]} Nd5 {[%emt 0:00:17]} 16. Rad1 {[%emt 0:00:58]} Rfd8 {[%emt 0:00:16]} 17. Nc4 {[%emt 0:00:38]} b5 {[%emt 0:00:55]} 18. Ne5 {[%emt 0:01:04]} c4 {[%emt 0:01:05]} 19. bxc4 {[%emt 0:00:27]} bxc4 {[%emt 0:00:01]} 20. Bd4 {[%emt 0:01:46]} Qa5 {[%emt 0:00:51]} 21. Be4 {[%emt 0:01:48]} g6 {[%emt 0:01:06]} 22. Qe2 {[%emt 0:01:10]} c3 {[%emt 0:04:54]} 23. Rc1 {[%emt 0:01:11]} Ba3 {[%emt 0:01:16]} 24. Rc2 {[%emt 0:00:19]} Bb2 {[%emt 0:00:27]} 25. Ng4 {[%emt 0:01:38]} Bxg4 {[%emt 0:02:25]} 26. Qxg4 {[%emt 0:00:03]} Nb4 {[%emt 0:00:04]} 27. Qh4 {[%emt 0:02:13]} Rxd4 {[%emt 0:00:35]} 28. exd4 {[%emt 0:00:02]} Nxc2 {[%emt 0:00:07]} 29. Bxc2 {[%emt 0:00:03]} Qxa2 {[%emt 0:00:09]} 30. Qg4 {[%emt 0:00:39]} Rd8 {[%emt 0:00:19]} 31. Rd1 {[%emt 0:00:38]} Ba3 {[%emt 0:00:18]} 32. Qe4 {[%emt 0:00:12]} Qc4 {[%emt 0:00:17]} 33. Qe5 0-1

[Event "RUS-ch Men Rapid 2019"]
[Site "Sochi"]
[Date "2019.10.16"]
[Round "11.16"]
[White "Nesterov, Arseniy"]
[Black "Morozevich, Alexander"]
[Result "1-0"]
[WhiteElo "2484"]
[BlackElo "2659"]
[Annotator "TA"]
[PlyCount "110"]
[EventDate "2019.10.15"]
[EventType "swiss"]
[EventCountry "RUS"]
[SourceTitle "playchess.com"]
[Source "ChessBase"]
[SourceQuality "1"]

{[%evp 12,112,110,77,73,70,95,90,71,79,169,168,168,146,183,159,160,144,177,177,172,155,164,121,125,85,228,219,294,144,149,128,209,187,171,72,102,0,0,-51,-34,-44,-44,-39,-42,-74,-79,-76,-73,-270,-268,-255,-275,-251,-240,-366,-360,-430,-420,-432,-414,-416,-420,-420,-397,-415,-409,-387,-380,-776,-780,-458,-592,-3641,-1460,-5193,-6180,-29971,-29973,-29973,-29972,-29975,-29976,-29975,-29970,-29979,-29980,-29979,-29980,-29981,-29981,-29981,-29981,-29981,-29982,-29983,-29984,-29984,-29985,-29985,-29985,-29987,-29988]} 1. d4 e6 2. c4 b6 3. e4 Bb7 4. Bd3 f5 5. exf5 Bb4+ 6. Kf1 Nf6 {[#]} 7. c5 $1 {[%mdl 512]} bxc5 {A40: Unusual replies to 1 d4} 8. a3 c4 $1 {[%cal Rc4d3]} 9. Bxc4 (9. axb4 cxd3 10. Nc3 O-O $15) 9... Ba5 {White is better.} 10. fxe6 d5 (10... dxe6 $16 {keeps fighting.} 11. Nc3 (11. Bxe6 Ba6+ 12. Ne2 Nc6 $14) 11... Qd6) (10... dxe6 11. Qa4+ c6 12. Nf3 Bb6 13. Be3 Nd5 14. Bg5 Qc7 15. Nc3 O-O 16. Re1 Nxc3 17. bxc3 c5 18. Rxe6 Kh8 19. Re7 Qc8 20. d5 Bd8 21. Re8 Nd7 22. Qxd7 {1-0 (22) Bacrot,E (2695)-Edouard,R (2626) chess.com INT 2017}) 11. Qa4+ $146 ({Predecessor:} 11. Bd3 O-O 12. Nf3 Nc6 13. b4 Bb6 14. Bb2 Qd6 15. Nbd2 {½-½ (54) Korchmar,A (2149)-Zubarev,A (1961) Pavlodar 2014}) 11... c6 12. Bd3 Bb6 13. Nf3 O-O 14. Nc3 Qd6 15. Bg5 Qxe6 16. Re1 $1 {[%cal Re1e6]} Qd6 17. Qc2 Nbd7 18. g3 Rfe8 (18... c5 $16) 19. Kg2 c5 20. Nb5 (20. Bf4 $1 $18 {[%cal Rf4d6] and the rest is easy.} Qf8 21. Nb5) 20... Qc6 $16 {...c4 is the strong threat.} 21. dxc5 Bxc5 (21... Qxc5 $16 {was worth a try.} 22. Bxf6 Qxc2 23. Bxc2 Nxf6) 22. Nbd4 Qb6 23. Be3 (23. Rxe8+ $18 {and White stays clearly on top.} Rxe8 24. Rd1) 23... Rac8 {[#] Strongly threatening ...Rxe3!} 24. Qb1 (24. Qd1 $1 $16) 24... Ne5 $11 25. b4 (25. Nxe5 $11 Rxe5 26. Rd1) 25... Nxf3 $15 26. bxc5 Nxe1+ 27. Rxe1 Rxc5 28. Qxb6 axb6 29. Rb1 Rc3 30. Rxb6 $2 (30. Bb5 $17 Re4 31. Be2) 30... Rxd3 $19 31. Rxb7 Ng4 ({Inferior is} 31... Rxa3 32. Nf5 $11) 32. Nf5 Nxe3+ 33. fxe3 {[%mdl 4096] Endgame KRR-KRN} (33. Nxe3 $142 Rd2 34. Nf5) 33... Re5 ({And not} 33... Rxa3 34. Rxg7+ Kh8 35. Rd7 $11) 34. Rxg7+ Kf8 35. Rg5 Rdxe3 36. Nxe3 Rxg5 {KR-KN} 37. Kf3 Re5 38. Kf4 Re4+ 39. Kf3 {[#]} Rd4 $1 40. a4 $2 (40. Nc2 Rd2 41. Nb4) 40... Kf7 41. a5 Ke6 42. Ng2 Ra4 43. Nf4+ Ke5 44. Nd3+ {[#]} Kd4 $1 {Black mates.} 45. Nf4 Rxa5 46. Ne6+ Kc3 47. Nf4 Kd2 48. h4 Ra3+ 49. Kg4 d4 50. h5 Ra5 51. Kf3 Re5 52. g4 d3 53. Nxd3 Kxd3 54. Kf4 Kd4 55. g5 h6 {Played: Kd4-d5} 1-0

[Event "RUS-ch Men Rapid 2019"]
[Site "Sochi"]
[Date "2019.10.16"]
[Round "11.16"]
[White "Nesterov, Arseniy"]
[Black "Morozevich, Alexander"]
[Result "0-1"]
[WhiteElo "2484"]
[BlackElo "2659"]
[Annotator "TA"]
[PlyCount "112"]
[EventDate "2019.10.15"]
[EventType "swiss"]
[EventCountry "RUS"]
[SourceTitle "playchess.com"]
[Source "ChessBase"]
[SourceQuality "1"]

{[%evp 12,112,127,60,68,71,69,46,58,69,161,170,182,149,208,156,161,163,154,158,160,151,165,129,114,127,229,216,275,145,145,129,208,176,172,63,89,12,0,-35,-40,-49,-51,-38,-32,-70,-70,-82,-75,-252,-252,-253,-252,-237,-241,-356,-331,-235,-283,-431,-429,-284,-434,-397,-374,-438,-438,-433,-426,-890,-841,-707,-585,-1904,-1563,-12843,-11465,-29965,-29967,-29956,-29959,-29967,-29971,-29967,-29966,-29979,-29980,-29979,-29980,-29981,-29981,-29981,-29981,-29981,-29982,-29983,-29984,-29984,-29985,-29985,-29985,-29987,-29988]} 1. d4 e6 2. c4 b6 3. e4 Bb7 4. Bd3 f5 5. exf5 Bb4+ 6. Kf1 Nf6 {[#]} 7. c5 $1 {[%mdl 512]} bxc5 $14 {A40: Unusual replies to 1 d4} 8. a3 c4 9. Bxc4 (9. axb4 cxd3 10. b5 O-O $15) 9... Ba5 $1 {White is slightly better.} 10. fxe6 d5 (10... dxe6 $14 11. Nc3 (11. Bxe6 Ba6+ 12. Ne2 Nc6 $14) 11... Bxc3) (10... dxe6 11. Qa4+ c6 12. Nf3 Bb6 13. Be3 Nd5 14. Bg5 Qc7 15. Nc3 O-O 16. Re1 Nxc3 17. bxc3 c5 18. Rxe6 Kh8 19. Re7 Qc8 20. d5 Bd8 21. Re8 Nd7 22. Qxd7 {1-0 (22) Bacrot,E (2695)-Edouard,R (2626) chess.com INT 2017}) 11. Qa4+ $146 ({Predecessor:} 11. Bd3 O-O 12. Nf3 Nc6 13. b4 Bb6 14. Bb2 Qd6 15. Nbd2 {½-½ (54) Korchmar,A (2149)-Zubarev,A (1961) Pavlodar 2014}) 11... c6 12. Bd3 Bb6 (12... Qb6 $16 13. Nf3 Ba6) 13. Nf3 O-O 14. Nc3 Qd6 15. Bg5 Qxe6 16. Re1 Qd6 17. Qc2 Nbd7 18. g3 {Threatens to win with Bf4.} Rfe8 (18... c5 $16 {was worth a try.}) 19. Kg2 c5 {[#]} 20. Nb5 (20. Bf4 $1 $18 {[%cal Rf4d6]} Qf8 21. Nb5) 20... Qc6 $16 {Hoping for ...c4.} 21. dxc5 Bxc5 (21... Qxc5 $16 22. Bxf6 Qxc2 23. Bxc2 Nxf6) 22. Nbd4 Qb6 23. Be3 ({White should try} 23. Rxe8+ $18 Rxe8 24. Rd1) 23... Rac8 {aiming for ...Rxe3!} 24. Qb1 (24. Qd1 $16) 24... Ne5 $11 25. b4 (25. Nxe5 {looks sharper.} Rxe5 26. Rd1 Rxe3 27. fxe3 Ng4 28. Bxh7+ Kh8 29. Rhe1) 25... Nxf3 26. bxc5 Nxe1+ 27. Rxe1 Rxc5 28. Qxb6 axb6 29. Rb1 Rc3 30. Rxb6 $2 (30. Bb5 $17 Re4 31. Be2) 30... Rxd3 $19 31. Rxb7 Ng4 ({And not} 31... Rxa3 32. Nf5 $11) 32. Nf5 Nxe3+ 33. fxe3 {[%mdl 4096] Endgame KRR-KRN} (33. Nxe3 $142 Rd2 34. Nf5) 33... Re5 ({Inferior is} 33... Rxa3 34. Rxg7+ Kh8 35. Rd7 $11) 34. Rxg7+ Kf8 35. Rg5 Rdxe3 36. Nxe3 Rxg5 {KR-KN} 37. Kf3 Re5 38. Kf4 Re4+ 39. Kf3 {[#]} Rd4 $1 {[%cal Rd4d2]} 40. a4 (40. Nf5 $142 Ra4 41. Ne3) 40... Kf7 41. a5 Ke6 42. Ng2 Ra4 43. Nf4+ Ke5 44. Nd3+ {[#]} Kd4 $1 {Black mates.} 45. Nf4 Rxa5 46. Ne6+ Kc3 47. Nf4 Kd2 48. h4 Ra3+ 49. Kg4 d4 50. h5 Ra5 51. Kf3 Re5 52. g4 d3 53. Nxd3 Kxd3 54. Kf4 Kd4 55. g5 Kd5 56. g6 h6 {Accuracy: White = 35%, Black = 66%.} 0-1

[Event "RUS-ch Men Rapid 2019"]
[Site "Sochi"]
[Date "2019.10.16"]
[Round "11.17"]
[White "Kabanov, Nikolai"]
[Black "Papin, Vasily"]
[Result "0-1"]
[WhiteElo "2455"]
[BlackElo "2481"]
[Annotator "ChessBase"]
[PlyCount "52"]
[EventDate "2019.10.15"]
[EventType "swiss"]
[EventCountry "RUS"]
[SourceTitle "playchess.com"]
[Source "ChessBase"]
[SourceQuality "1"]
[TimeControl "900+10"]

1. e4 {[%emt 0:00:00]} c5 {[%emt 0:00:00]} 2. Nc3 {[%emt 0:00:00]} a6 {[%emt 0:00:00]} 3. f4 {[%emt 0:00:12]} b5 {[%emt 0:00:00]} 4. Nf3 {[%emt 0:00:05]} Bb7 {[%emt 0:00:00]} 5. d3 {[%emt 0:00:04]} e6 {[%emt 0:00:00]} 6. g3 {[%emt 0:00:08]} d5 {[%emt 0:00:04]} 7. Bg2 {[%emt 0:00:21]} h5 {[%emt 0:00:30]} 8. exd5 {[%emt 0:00:55]} exd5 {[%emt 0:00:02]} 9. O-O {[%emt 0:00:04]} Nf6 {[%emt 0:00:15]} 10. Re1+ {[%emt 0:00:44]} Be7 {[%emt 0:00:02]} 11. Qe2 {[%emt 0:00:03]} Nc6 {[%emt 0:00:04]} 12. Ne5 {[%emt 0:00:24]} Nd4 {[%emt 0:00:12]} 13. Qf2 {[%emt 0:00:02]} Qc7 {[%emt 0:00:27]} 14. Nd1 {[%emt 0:01:08]} h4 {[%emt 0:00:44]} 15. g4 {[%emt 0:01:59]} h3 {[%emt 0:00:03]} 16. Bh1 {[%emt 0:00:03]} Kf8 {[%emt 0:01:17]} 17. Ne3 {[%emt 0:00:24]} Nxg4 {[%emt 0:01:10]} 18. N3xg4 {[%emt 0:01:50]} Bh4 {[%emt 0:00:04]} 19. Qd2 {[%emt 0:00:21]} Bxe1 {[%emt 0:00:12]} 20. Qxe1 {[%emt 0:00:02]} Nxc2 {[%emt 0:00:11]} 21. Qc3 {[%emt 0:00:38]} Nxa1 {[%emt 0:00:22]} 22. Be3 {[%emt 0:00:25]} d4 {[%emt 0:01:09]} 23. Bxd4 Bxh1 {[%emt 0:02:55]} 24. Nd7+ {[%emt 0:02:22]} Ke7 {[%emt 0:00:17]} 25. Nxc5 {[%emt 0:02:33]} Qxf4 {[%emt 0:00:42]} 26. Ne3 {[%emt 0:01:19]} Rh6 {[%emt 0:00:52]} 0-1

[Event "RUS-ch Men Rapid 2019"]
[Site "Sochi"]
[Date "2019.10.16"]
[Round "11.18"]
[White "Ivlev, Aleksey"]
[Black "Gutenev, Alexander"]
[Result "1/2-1/2"]
[WhiteElo "2292"]
[BlackElo "2469"]
[Annotator "ChessBase"]
[PlyCount "97"]
[EventDate "2019.10.15"]
[EventType "swiss"]
[EventCountry "RUS"]
[SourceTitle "playchess.com"]
[Source "ChessBase"]
[SourceQuality "1"]
[TimeControl "900+10"]

1. d4 {[%emt 0:00:00]} Nf6 {[%emt 0:00:00]} 2. Nf3 {[%emt 0:00:00]} b6 {[%emt 0:00:00]} 3. g3 {[%emt 0:00:00]} Bb7 {[%emt 0:00:00]} 4. Bg2 {[%emt 0:00:00]} g6 {[%emt 0:00:00]} 5. O-O {[%emt 0:00:03]} Bg7 {[%emt 0:00:00]} 6. c4 {[%emt 0:00:04]} O-O {[%emt 0:00:00]} 7. Nc3 {[%emt 0:00:47]} Ne4 {[%emt 0:00:00]} 8. Bd2 {[%emt 0:00:01]} e6 {[%emt 0:00:22]} 9. Rc1 {[%emt 0:00:06]} d6 {[%emt 0:00:09]} 10. d5 {[%emt 0:00:23]} Nxd2 {[%emt 0:00:16]} 11. Qxd2 {[%emt 0:00:02]} e5 {[%emt 0:00:09]} 12. b4 {[%emt 0:00:24]} Nd7 {[%emt 0:00:06]} 13. e4 {[%emt 0:00:33]} a5 {[%emt 0:00:04]} 14. a3 {[%emt 0:00:01]} h6 {[%emt 0:00:14]} 15. Ne1 {[%emt 0:00:20]} f5 {[%emt 0:00:06]} 16. Nd3 {[%emt 0:00:02]} Nf6 {[%emt 0:01:20]} 17. f4 {[%emt 0:01:29]} axb4 {[%emt 0:02:47]} 18. axb4 {[%emt 0:00:06]} fxe4 {[%emt 0:00:19]} 19. Nxe4 {[%emt 0:00:02]} Qe7 {[%emt 0:00:46]} 20. fxe5 {[%emt 0:00:50]} dxe5 {[%emt 0:00:02]} 21. Nxf6+ {[%emt 0:00:34]} Rxf6 {[%emt 0:00:02]} 22. Rxf6 {[%emt 0:00:17]} Qxf6 {[%emt 0:00:24]} 23. Rf1 {[%emt 0:00:03]} Qg5 {[%emt 0:01:57]} 24. Qxg5 {[%emt 0:01:08]} hxg5 {[%emt 0:00:01]} 25. Be4 {[%emt 0:00:01]} Ra3 {[%emt 0:00:54]} 26. c5 {[%emt 0:02:24]} Rc3 {[%emt 0:02:52]} 27. Rc1 {[%emt 0:06:53]} Rxc1+ {[%emt 0:00:11]} 28. Nxc1 {[%emt 0:00:01]} bxc5 {[%emt 0:00:01]} 29. bxc5 {[%emt 0:00:28]} Bf8 {[%emt 0:00:10]} 30. Nd3 {[%emt 0:01:19]} Ba6 {[%emt 0:00:01]} 31. d6 {[%emt 0:00:35]} cxd6 {[%emt 0:00:06]} 32. c6 {[%emt 0:00:02]} d5 {[%emt 0:01:31]} 33. Bxd5+ {[%emt 0:00:05]} Kg7 {[%emt 0:00:01]} 34. Nxe5 {[%emt 0:01:02]} Bd6 {[%emt 0:00:01]} 35. Nc4 {[%emt 0:00:26]} Bc7 {[%emt 0:00:12]} 36. Kg2 {[%emt 0:00:04]} Kf6 {[%emt 0:00:19]} 37. Ne3 {[%emt 0:00:10]} Ke5 {[%emt 0:00:14]} 38. Bf3 {[%emt 0:00:16]} Kd6 {[%emt 0:00:30]} 39. Be4 {[%emt 0:00:09]} Bb5 {[%emt 0:00:01]} 40. Kf3 {[%emt 0:00:06]} Bd8 {[%emt 0:00:16]} 41. Bxg6 {[%emt 0:00:09]} Bxc6+ {[%emt 0:00:05]} 42. Be4 {[%emt 0:00:01]} Bd7 {[%emt 0:00:06]} 43. g4 {[%emt 0:00:06]} Ke5 {[%emt 0:00:09]} 44. Ba8 {[%emt 0:00:16]} Be6 {[%emt 0:00:09]} 45. Bb7 {[%emt 0:00:16]} Bb6 {[%emt 0:00:03]} 46. h3 {[%emt 0:00:16]} Bc5 {[%emt 0:00:13]} 47. Be4 {[%emt 0:00:03]} Bb6 {[%emt 0:00:12]} 48. Bf5 {[%emt 0:00:07]} Bxe3 {[%emt 0:00:57]} 49. Bxe6 {[%emt 0:00:02]} 1/2-1/2

[Event "RUS-ch Men Rapid 2019"]
[Site "Sochi"]
[Date "2019.10.16"]
[Round "11.19"]
[White "Samusenko, Maksim"]
[Black "Drygalov, Andrey"]
[Result "1/2-1/2"]
[WhiteElo "2445"]
[BlackElo "2484"]
[Annotator "ChessBase"]
[PlyCount "99"]
[EventDate "2019.10.15"]
[EventType "swiss"]
[EventCountry "RUS"]
[SourceTitle "playchess.com"]
[Source "ChessBase"]
[SourceQuality "1"]
[TimeControl "900+10"]

1. e4 {[%emt 0:00:00]} c5 {[%emt 0:00:00]} 2. Nf3 {[%emt 0:00:00]} d6 {[%emt 0:00:00]} 3. d4 {[%emt 0:00:00]} cxd4 {[%emt 0:00:00]} 4. Nxd4 {[%emt 0:00:00]} Nf6 {[%emt 0:00:00]} 5. Nc3 {[%emt 0:00:00]} a6 {[%emt 0:00:00]} 6. f4 {[%emt 0:00:00]} e5 {[%emt 0:00:00]} 7. Nf3 {[%emt 0:00:01]} Nbd7 {[%emt 0:00:00]} 8. Bd3 {[%emt 0:00:06]} Qc7 {[%emt 0:00:09]} 9. O-O {[%emt 0:00:04]} Be7 {[%emt 0:00:01]} 10. Kh1 {[%emt 0:00:01]} Nc5 {[%emt 0:00:31]} 11. Qe1 {[%emt 0:00:24]} Nxd3 {[%emt 0:04:52]} 12. cxd3 {[%emt 0:00:02]} exf4 {[%emt 0:00:11]} 13. Bxf4 {[%emt 0:00:14]} Be6 {[%emt 0:00:08]} 14. Rc1 {[%emt 0:01:54]} Qb6 {[%emt 0:00:02]} 15. Qe2 {[%emt 0:02:28]} O-O {[%emt 0:00:06]} 16. Be3 {[%emt 0:00:03]} Qd8 {[%emt 0:01:59]} 17. Nd4 {[%emt 0:00:03]} Rc8 {[%emt 0:00:44]} 18. Nf5 {[%emt 0:00:15]} Bxf5 {[%emt 0:00:14]} 19. Rxf5 {[%emt 0:00:02]} b5 {[%emt 0:00:01]} 20. a3 {[%emt 0:00:11]} g6 {[%emt 0:01:24]} 21. Rff1 {[%emt 0:03:20]} Nh5 {[%emt 0:01:02]} 22. Qd2 {[%emt 0:01:27]} Qd7 {[%emt 0:00:57]} 23. Bh6 {[%emt 0:01:15]} Rfe8 {[%emt 0:02:20]} 24. Nd5 {[%emt 0:00:01]} Rxc1 {[%emt 0:00:46]} 25. Qxc1 {[%emt 0:00:02]} Bd8 {[%emt 0:00:02]} 26. Bg5 {[%emt 0:01:42]} f6 {[%emt 0:01:24]} 27. Bh4 {[%emt 0:01:19]} g5 {[%emt 0:00:02]} 28. Be1 {[%emt 0:00:50]} Rf8 {[%emt 0:00:01]} 29. Ne3 {[%emt 0:01:46]} Ng7 {[%emt 0:00:12]} 30. Nf5 {[%emt 0:00:11]} Nxf5 {[%emt 0:00:01]} 31. Rxf5 {[%emt 0:00:02]} Be7 {[%emt 0:00:05]} 32. Bc3 {[%emt 0:00:04]} Qe6 {[%emt 0:00:43]} 33. Qd1 {[%emt 0:00:09]} h6 {[%emt 0:01:11]} 34. Qg4 {[%emt 0:00:08]} Qf7 {[%emt 0:00:05]} 35. h3 {[%emt 0:00:30]} Kh7 {[%emt 0:00:08]} 36. Rf3 {[%emt 0:00:09]} Qg6 {[%emt 0:01:16]} 37. h4 {[%emt 0:00:36]} gxh4 {[%emt 0:00:14]} 38. Qxh4 {[%emt 0:00:12]} Qg5 {[%emt 0:00:02]} 39. Qf2 {[%emt 0:00:32]} Rg8 {[%emt 0:00:11]} 40. Bd2 {[%emt 0:00:37]} Qg4 {[%emt 0:00:05]} 41. Rh3 {[%emt 0:00:10]} Rg6 {[%emt 0:00:02]} 42. Rh4 {[%emt 0:00:25]} Qd1+ {[%emt 0:00:01]} 43. Kh2 {[%emt 0:00:01]} d5 {[%emt 0:00:12]} 44. e5 {[%emt 0:00:17]} f5 {[%emt 0:00:19]} 45. Rh3 {[%emt 0:00:12]} Qg4 {[%emt 0:00:09]} 46. Bf4 {[%emt 0:00:13]} Bg5 {[%emt 0:00:16]} 47. Bxg5 {[%emt 0:00:17]} Qxg5 {[%emt 0:00:01]} 48. d4 {[%emt 0:00:05]} Qg4 {[%emt 0:00:09]} 49. Rf3 {[%emt 0:00:05]} Rg5 {[%emt 0:00:05]} 50. Rh3 1/2-1/2

[Event "RUS-ch Men Rapid 2019"]
[Site "Sochi"]
[Date "2019.10.16"]
[Round "11.20"]
[White "Derjabin, Ilja"]
[Black "Belozerov, Andrei"]
[Result "0-1"]
[WhiteElo "2333"]
[BlackElo "2515"]
[Annotator "ChessBase"]
[PlyCount "68"]
[EventDate "2019.10.15"]
[EventType "swiss"]
[EventCountry "RUS"]
[SourceTitle "playchess.com"]
[Source "ChessBase"]
[SourceQuality "1"]
[TimeControl "900+10"]

1. d4 {[%emt 0:00:00]} d5 {[%emt 0:00:00]} 2. Nc3 {[%emt 0:00:00]} Bf5 {[%emt 0:00:00]} 3. g3 {[%emt 0:00:20]} e6 {[%emt 0:00:00]} 4. Bg2 {[%emt 0:00:02]} Nf6 {[%emt 0:00:00]} 5. Bg5 {[%emt 0:00:22]} Be7 {[%emt 0:00:01]} 6. Nf3 {[%emt 0:01:25]} h6 {[%emt 0:00:02]} 7. Bf4 {[%emt 0:00:02]} O-O {[%emt 0:00:03]} 8. O-O {[%emt 0:00:05]} c5 {[%emt 0:00:05]} 9. dxc5 {[%emt 0:02:43]} Bxc5 {[%emt 0:00:02]} 10. Na4 {[%emt 0:00:26]} Be7 {[%emt 0:00:02]} 11. Nd4 {[%emt 0:00:05]} Be4 {[%emt 0:00:10]} 12. b3 {[%emt 0:02:46]} Nbd7 {[%emt 0:00:15]} 13. Be3 {[%emt 0:00:09]} Rc8 {[%emt 0:00:29]} 14. f3 {[%emt 0:02:41]} Bh7 {[%emt 0:00:03]} 15. Bh3 {[%emt 0:00:10]} a6 {[%emt 0:02:18]} 16. c4 {[%emt 0:02:10]} Nc5 {[%emt 0:03:28]} 17. Nxc5 {[%emt 0:01:25]} Bxc5 {[%emt 0:00:01]} 18. Bf2 {[%emt 0:00:06]} dxc4 {[%emt 0:01:13]} 19. bxc4 {[%emt 0:00:02]} Qb6 {[%emt 0:00:06]} 20. e3 {[%emt 0:00:20]} Qc7 {[%emt 0:03:44]} 21. Qb3 {[%emt 0:00:18]} Bxd4 {[%emt 0:00:15]} 22. exd4 {[%emt 0:00:01]} Qxc4 {[%emt 0:00:07]} 23. Qxb7 {[%emt 0:00:24]} Nd5 {[%emt 0:00:30]} 24. Qb3 {[%emt 0:00:08]} Qc6 {[%emt 0:01:07]} 25. Rfe1 {[%emt 0:00:33]} Bc2 {[%emt 0:00:45]} 26. Qa3 {[%emt 0:00:07]} Qc3 {[%emt 0:00:06]} 27. Qxc3 {[%emt 0:00:13]} Rxc3 {[%emt 0:00:01]} 28. f4 {[%emt 0:00:30]} Rfc8 {[%emt 0:00:40]} 29. Bg2 {[%emt 0:00:17]} Bf5 {[%emt 0:00:20]} 30. Bf1 {[%emt 0:00:19]} Ra3 {[%emt 0:00:13]} 31. h3 {[%emt 0:01:11]} Rc2 {[%emt 0:00:27]} 32. g4 {[%emt 0:00:01]} Bd3 {[%emt 0:00:07]} 33. Rab1 {[%emt 0:00:49]} Bxf1 {[%emt 0:00:15]} 34. Rxf1 {[%emt 0:00:03]} Nxf4 {[%emt 0:00:13]} 0-1